000 00545nam a2200205Ia 4500
005 20250508150932.0
008 008 250505s9999 xx 000 0 eng d
037 _aTextual
040 _aFEDL
_beng
_cFEDL
041 _aeng
_2eng
084 _a131, SHE
_qFEDL
100 _aSherrington Charles
_9633775
245 0 _aMan on his nature
260 _aNew York, USA
_bCambridge University Press
_c1940
300 _a300p.
365 _aINR
_b23
650 _aPhilosophy
942 _cTEXL
_h131, SHE
999 _c1326587
_d1326587